Investigations of the effects of copper dusts used to control Phytophthora leaf disease : Part 1. Copper contamination of latex and scraps (Record no. 61646)

MARC details
000 -LEADER
fixed length control field 00585nam a2200181Ia 4500
100 ## - MAIN ENTRY--AUTHOR NAME
Personal name Heinisch K F
245 #0 - TITLE STATEMENT
Title Investigations of the effects of copper dusts used to control Phytophthora leaf disease : Part 1. Copper contamination of latex and scraps
260 ## - PUBLICATION, DISTRIBUTION, ETC. (IMPRINT)
Name of publisher Rubber Research Institute of Ceylon Quarterly Journal
Year of publication 1961
300 ## - PHYSICAL DESCRIPTION
Number of Pages 61-74
650 ## - SUBJECT ADDED ENTRY--TOPICAL TERM
Topical Term Copper dusts
650 ## - SUBJECT ADDED ENTRY--TOPICAL TERM
Topical Term Latex
650 ## - SUBJECT ADDED ENTRY--TOPICAL TERM
Topical Term Phytophthora leaf disease
650 ## - SUBJECT ADDED ENTRY--TOPICAL TERM
Topical Term Scraps
700 ## - ADDED ENTRY--PERSONAL NAME
Personal name Nadarajah M
700 ## - ADDED ENTRY--PERSONAL NAME
Personal name Veerabangsa M T
942 ## - ADDED ENTRY ELEMENTS (KOHA)
Koha item type Journals
Holdings
Withdrawn status Lost status Damaged status Not for loan Home library Current library Shelving location Date acquired Serial Enumeration / chronology Koha item type
      Journals RRII Library RRII Library Pathology 17/12/2021 Volume 37, Issue 3 Journals